Mystagogie Výkladu 118. žalmu svatého Ambrože /

Hlavní autor: Vopřada, David, 1977-
Jazyk: Čeština
Vydáno: Červený Kostelec : Pavel Mervart, 2015
Edice: Bibliotheca theologica
Témata:
Fyzický popis: 442 stran ; 22 cm
Language note: Anglické resumé
Knihy
Uloženo v:
LEADER 02737nam a2200733 i 4500
001 nkc20152695760
003 CZ PrNK
005 20170425105036.0
007 ta
008 150423s2015 xr f 001 0dcze
015 |a cnb002695760 
020 |a 978-80-7465-133-5  |q (vázáno) 
035 |a (OCoLC)913564247 
040 |a ABA001  |b cze  |d OLA001  |d ABA001  |e rda 
041 0 |a cze  |b eng 
045 |a h-h- 
072 7 |a 27-1/-2  |x Křesťanská teologie. Dogmatická teologie  |2 Konspekt  |9 5 
080 |a 27-277.2  |2 MRF 
080 |a 27-472.3-558.2  |2 MRF 
080 |a 27-47  |2 MRF 
080 |a 27-584.5  |2 MRF 
080 |a 27-184  |2 MRF 
080 |a 27-475.5  |2 MRF 
080 |a 27-9"01/07"-284  |2 MRF 
080 |a 27-9"01/07"-284-051(=124)  |2 MRF 
080 |a (048.8)  |2 MRF 
100 1 |a Vopřada, David,  |d 1977-  |7 jx20080425004  |4 aut 
245 1 0 |a Mystagogie Výkladu 118. žalmu svatého Ambrože /  |c David Vopřada 
264 1 |a Červený Kostelec :  |b Pavel Mervart,  |c 2015 
300 |a 442 stran ;  |c 22 cm 
336 |a text  |b txt  |2 rdacontent 
337 |a bez média  |b n  |2 rdamedia 
338 |a svazek  |b nc  |2 rdacarrier 
490 1 |a Bibliotheca theologica ;  |v 3 
504 |a Obsahuje bibliografii, bibliografické odkazy a rejstříky 
546 |a Anglické resumé 
600 0 7 |a Ambrož,  |c svatý,  |d 339-397.  |t Expositio de psalmo CXVIII  |7 aun2015868756  |2 czenas 
630 0 7 |a Bible.  |p Žalmy, CXVIII  |7 unn2017950284  |2 czenas 
630 0 9 |a Bible.  |p Psalms CXVIII  |2 eczenas 
648 7 |a 4. století  |7 ch460542  |2 czenas 
650 0 7 |a biblická exegeze  |7 ph118844  |y 4. století  |2 czenas 
650 0 7 |a mystagogie  |7 ph123076  |y 4. století  |2 czenas 
650 0 7 |a katecheze  |7 ph121519  |y 4. století  |2 czenas 
650 0 7 |a duchovní cesta  |7 ph119626  |2 czenas 
650 0 7 |a Bůh a člověk  |7 ph116953  |2 czenas 
650 0 7 |a kázání  |7 ph122077  |y 4. století  |2 czenas 
650 0 7 |a patristické texty  |7 ph117251  |y 4. století  |2 czenas 
650 0 7 |a latinští církevní otcové  |7 ph122212  |y 4. století  |2 czenas 
650 0 9 |a Biblical exegesis  |y 4th century  |2 eczenas 
650 0 9 |a mystagogy  |y 4th century  |2 eczenas 
650 0 9 |a catechesis  |y 4th century  |2 eczenas 
650 0 9 |a spiritual path  |2 eczenas 
650 0 9 |a relations between God and man  |2 eczenas 
650 0 9 |a sermons  |y 4th century  |2 eczenas 
650 0 9 |a patristic texts  |y 4th century  |2 eczenas 
650 0 9 |a Latin church fathers  |y 4th century  |2 eczenas 
655 7 |a monografie  |7 fd132842  |2 czenas 
655 9 |a monographs  |2 eczenas 
830 0 |a Bibliotheca theologica  |0 s 
910 2 |a BOA001  |b 2-1346.723 
990 |a BK 
995 |a 01 
991 |b 201506  |c NOV  |e n 
996 6 |b 2610633516  |c 2-1346.723  |l MZK  |r Sklad / do 1 hodiny  |n 2  |p p.v.  |w 001506481  |u 000010  |a 1  |e BOA001  |j MZK50  |s P